Science Quiz

Random Science or Animal Quiz

Animals - Bears Quiz Stats

 Plays Quiz Updated Nov 29, 2017

Also try: Bear Countries
Challenge
Share
Tweet
Score 0/16 Timer 03:00
0 Plays Today
% Correct
Giant Panda
94.2%
Polar Bear
92.5%
American Black Bear
84.7%
Qinling Panda
68.7%
Grizzly Bear
68%
Asian Black Bear
53.8%
Tibetan Blue Bear
53%
Eurasian Brown Bear
50.3%
% Correct
Indian Sloth Bear
48.5%
Syrian Brown Bear
46.1%
Cinnamon Bear
45.4%
Kermode Bear
43.4%
Sun Bear
40.7%
Kodiak Bear
38.8%
Spectacled Bear
34.4%
Glacier Bear
33.5%

You're not logged in!

Compare scores with friends on all Sporcle quizzes.
OR
Log In

You Might Also Like...

Show Comments

Extras

Top Quizzes Today


Score Distribution

Your Account Isn't Verified!

In order to create a playlist on Sporcle, you need to verify the email address you used during registration. Go to your Sporcle Settings to finish the process.

Report this User

Report this user for behavior that violates our Community Guidelines.

Details: